[Event "Rubinstein Memorial-C 55th"]
[Site "Polanica Zdroj"]
[Date "2019.08.24"]
[Round "8"]
[White "Ziemski, Przemyslaw"]
[Black "Goral, Jan"]
[Result "1/2-1/2"]
[WhiteElo "1759"]
[BlackElo "1486"]
[PlyCount "75"]
[EventDate "2019.08.17"]
[EventType "swiss"]
[EventRounds "9"]
[EventCountry "POL"]
[SourceTitle "EXT 2020"]
[Source "ChessBase"]
[SourceDate "2019.10.17"]
[SourceVersion "1"]
[SourceVersionDate "2019.10.17"]
[SourceQuality "1"]

1. e4 c5 2. c4 Nc6 3. Nc3 g6 4. g3 Bg7 5. Bg2 e6 6. Nge2 Nge7 7. 0-0 0-0 8. d3 d6 9. Be3 Nd4 10. Qd2 Bd7 11. Bh6 a6 12. Nxd4 cxd4 13. Bxg7 Kxg7 14. Ne2 Qb6 15. b4 e5 16. f4 f5 17. Rae1 Bc6 18. fxe5 dxe5 19. Nc1 fxe4 20. Bxe4 Qc7 21. Qe2 Rxf1+ 22. Rxf1 Bxe4 23. Qxe4 Nf5 24. Nb3 Re8 25. g4 Ne3 26. Rf3 Qc6 27. Qxc6 bxc6 28. Nc5 Rb8 29. g5 Nf5 30. a3 Ra8 31. Nd7 Re8 32. Nc5 Ra8 33. Rf2 Kf7 34. Rb2 Ke7 35. Ne4 Ke6 36. Nc5+ Kd6 37. Ne4+ Ke6 38. Nc5+ 1/2-1/2